LEADER 04497nam 2200949 450 001 9910460945603321 005 20200520144314.0 010 $a1-60650-922-5 024 7 $z10.5643/9781606509227 035 $a(CKB)3710000000552090 035 $a(OCoLC)936210035 035 $a(CaBNvSL)swl00406126 035 $a(MiAaPQ)EBC4307180 035 $a(Au-PeEL)EBL4307180 035 $a(CaPaEBR)ebr11147003 035 $a(CaONFJC)MIL884201 035 $a(OCoLC)939264322 035 $a(EXLCZ)993710000000552090 100 $a20160127d2016 fy 0 101 0 $aeng 135 $aurcnu|||||||| 181 $2rdacontent 182 $2rdamedia 183 $2rdacarrier 200 10$aDiet and disease $enutrition for gastrointestinal, musculoskeletal, hepatobiliary, pancreatic, and kidney diseases /$fKatie Ferraro 205 $aFirst edition. 210 1$aNew York, [New York] (222 East 46th Street, New York, NY 10017) :$cMomentum Press,$d2016. 215 $a1 online resource (xii, 117 pages) $cillustrations 225 1 $aNutrition and dietetics practice collection 311 $a1-60650-921-7 320 $aIncludes bibliographical references and index. 327 $a1. Nutrition and gastrointestinal disorders -- 2. Musculoskeletal disorders, rheumatic disease, and anemias -- 3. Hepatobiliary, gallbladder, pancreatic, and kidney diseases -- Index. 330 3 $aCan food really take the place of medicine? While modern medicine certainly has its place and does more than its fair share of good, there is no denying that many of society's most perilous chronic diseases are exacerbated by poor diets. Whereas earlier infectious diseases used to cause the most death, the impact of chronic diseases now far overshadows that of infectious diseases. Diet plays a significant role in the development of a number of types of chronic disease, such as heart disease, diabetes, and certain types of cancer. This title explores the impact of dietary choices on the prevention, management, and treatment of a number of medical conditions and disease states including the gastrointestinal tract, musculoskeletal disorders, rheumatic disease, anemias, hepatobiliary, gallbladder, pancreatic, and kidney diseases. The topics of nutrition and cardiovascular disease, diabetes and metabolic stress, critical illness, cancer and HIV/AIDS are covered in the subsequent title Diet and Disease I. 410 0$aNutrition and dietetics practice collection. 606 $aDiet in disease 606 $aDiet therapy 606 $aGastrointestinal system$xDiseases$xDiet therapy 606 $aMusculoskeletal system$xDiseases$xDiet therapy 606 $aLiver$xDiseases$xDiet therapy 606 $aGallbladder$xDiseases$xDiet therapy 606 $aPancreas$xDiseases$xDiet therapy 606 $aKidneys$xDiseases$xDiet therapy 606 $aDiet Therapy 606 $aGastrointestinal Diseases$xdiet therapy 606 $aMusculoskeletal Diseases$xdiet therapy 606 $aLiver Diseases$xdiet therapy 606 $aGallbladder Diseases$xdiet therapy 606 $aPancreatic Diseases$xdiet therapy 606 $aKidney Diseases$xdiet therapy 608 $aLibros electronicos. 610 $aMedical nutrition therapy 610 $adiet and disease 610 $anutrition care process 610 $adiet therapy 610 $agastrointestinal disorders 610 $amusculoskeletal diseases 610 $aosteoporosis 610 $akidney disease diet 610 $aliver disease diet 615 0$aDiet in disease. 615 0$aDiet therapy. 615 0$aGastrointestinal system$xDiseases$xDiet therapy. 615 0$aMusculoskeletal system$xDiseases$xDiet therapy. 615 0$aLiver$xDiseases$xDiet therapy. 615 0$aGallbladder$xDiseases$xDiet therapy. 615 0$aPancreas$xDiseases$xDiet therapy. 615 0$aKidneys$xDiseases$xDiet therapy. 615 2$aDiet Therapy. 615 2$aGastrointestinal Diseases$xdiet therapy. 615 2$aMusculoskeletal Diseases$xdiet therapy. 615 2$aLiver Diseases$xdiet therapy. 615 2$aGallbladder Diseases$xdiet therapy. 615 2$aPancreatic Diseases$xdiet therapy. 615 2$aKidney Diseases$xdiet therapy. 676 $a615.854 700 $aFerraro$b Katie.$0958793 801 0$bFINmELB 801 1$bFINmELB 906 $aBOOK 912 $a9910460945603321 996 $aDiet and disease$92213302 997 $aUNINA LEADER 01250nam a2200337 i 4500 001 991001230249707536 005 20020507185641.0 008 940324s1987 us ||| | eng 020 $a0471831387 035 $ab10818807-39ule_inst 035 $aLE01309044$9ExL 040 $aDip.to Matematica$beng 082 0 $a512.7 084 $aAMS 11F03 084 $aAMS 11Y16 084 $aLC QA241.B774 100 1 $aBorwein, Jonathan M.$055373 245 10$aPi and the AGM :$ba study in analytic number theory and computational complexity /$cJonathan M. Borwein, Peter B. Borwein 260 $aNew York ; Chichester :$c1987 300 $axv, 414 p. ;$c24 cm 490 0 $aCanadian Mathematical Society series of monographs and advanced texts 650 4$aAlgorithms 650 4$aAutomorphic functions 650 4$aModular functions 700 1 $aBorwein, Peter B.$eauthor$4http://id.loc.gov/vocabulary/relators/aut$059843 907 $a.b10818807$b23-02-17$c28-06-02 912 $a991001230249707536 945 $aLE013 11F BOR11 (1987)$g1$i2013000129754$lle013$o-$pE0.00$q-$rl$s- $t0$u2$v30$w2$x0$y.i10925569$z28-06-02 996 $aPi and the AGM$91455888 997 $aUNISALENTO 998 $ale013$b01-01-94$cm$da $e-$feng$gus $h0$i1